000 00249nam a2200097Ia 4500
001 1207107
005 20250827022818.0
008 250824s9999 xx 000 0 und d
245 0 _aBENİM MESELEM
_cİSMAİL KILIÇARSLAN
260 _bKETEBE YAYINLARI
999 _c1207107
_d1207107